000 00761cam a2200253 a 4500
001 12752501
005 20180223083607.0
008 020424s2003 caua b 001 0 eng
010 _a 2002105824
020 _a0534575684
020 _a0534558194 (t.p. verso)
035 _a(DLC) 2002105824
040 _aDLC
_cDLC
_dDLC
041 _aeng
080 _a428.24
082 _2428.24 COR
100 1 _a24
101 _aTEO
245 1 0 _aDeath and dying, life and living /
_cCharles A. Corr, Clyde M. Nabe, Donna M. Corr.
504 _aIncludes bibliographical references (p. 579-631) and indexes.
906 _a7
_bcbc
_corignew
_d3
_eepcn
_f20
_gy-gencatlg
942 _2ddc
_cBK
999 _c43321
_d43321